Movies Quiz

Random Movies or Pixar Quiz

Pixar One-Word Clues (A-Z) Quiz Stats

Quiz Updated Sep 6, 2013

Challenge
Share
Tweet
Embed
Score 0/25 Timer 03:00
2 Plays Today
Clue Movie % Correct
BooMonsters Inc.
93.2%
EVEWALL-E
89.9%
JellyfishFinding Nemo
84.6%
FrozoneThe Incredibles
81%
ClawToy Story
79.1%
WazowskiMonsters Inc.
75.2%
KenToy Story 3
73.5%
Squirrel!Up
72.1%
LotsoToy Story 3
71.8%
DarlaFinding Nemo
67.7%
GusteauRatatouille
67.6%
ZurgToy Story 2
66.1%
ProspectorToy Story 2
65.9%
Clue Movie % Correct
RemyRatatouille
65.3%
MeridaBrave
65%
InfinityToy Story
60.1%
YetiMonsters Inc.
57%
NigelFinding Nemo
56.5%
AxiomWALL-E
49.2%
VenezuelaUp
44.3%
UnderminerThe Incredibles
41.9%
QueenA Bug's Life
40.5%
OmnidroidThe Incredibles
38.6%
HeimlichA Bug's Life
37.9%
TokyoCars 2
37.2%

You're not logged in!

Compare scores with friends on all Sporcle quizzes.
Sign Up with Email
OR
Log In

You Might Also Like...

Show Comments

Extras

Top Quizzes Today


Score Distribution

Your Account Isn't Verified!

In order to create a playlist on Sporcle, you need to verify the email address you used during registration. Go to your Sporcle Settings to finish the process.